2022 Sydney Swans AFL Team Quiz - Statistics

General Stats
  • This quiz has been taken 241 times
  • The average score is 26 of 45
Answer Stats
No. Player name % Correct
1 Chad Warner
94%
23 Lance Franklin
92%
5 Isaac Heeney
90%
21 Errol Gulden
87%
11 Tom Papley
87%
26 Luke Parker
86%
37 Corey Warner
85%
24 Dane Rampe
82%
14 Callum Mills
78%
6 Logan McDonald
75%
39 Paddy McCartin
73%
30 Tom McCartin
73%
2 Hayden Mclean
72%
22 Nick Blakey
72%
8 James Rowbottom
70%
9 Will Hayward
70%
31 Tom Hickey
69%
44 Jake Lloyd
68%
36 Joel Amartey
67%
20 Sam Reid
65%
7 Harry Cunningham
64%
13 Oliver Florent
63%
16 Braeden Campbell
61%
3 Dylan Stephens
60%
12 Josh Kennedy
59%
19 Peter Ladhams
58%
27 Justin McInerney
56%
42 Robbie Fox
56%
4 Ryan Clarke
54%
15 Sam Wicks
50%
43 Lewis Melican
43%
29 Angus Sheldrick
42%
17 Will Gould
41%
25 Ben Ronke
40%
18 Callum Sinclair
40%
34 Matt Roberts
38%
10 Sam Naismith
35%
32 James Bell
33%
46 Lachlan McAndrew
28%
33 Marc Sheather
22%
38 Colin O'Riordan
21%
41 Lachlan Rankin
21%
28 Lewis Taylor
21%
35 Barry O'Connor
16%
45 Hugo Hall-Kahan
16%
No matching quizzes found
Score Distribution
Percent of People with Each Score
Percentile by Number Answered
Your Score History
You have not taken this quiz